[Event "WY Boys-U16"]
[Site "Porto Carras GRE"]
[Date "2010.10.22"]
[Round "3.12"]
[White "Tomazini, Zan"]
[Black "Bok, Benjamin"]
[Result "0-1"]
[BlackTitle "IM"]
[WhiteElo "2231"]
[BlackElo "2453"]
[WhiteFideId "14608162"]
[BlackFideId "1017063"]
[EventDate "2010.10.20"]

1. e4 e5 2. Nf3 Nc6 3. d4 exd4 4. Nxd4 Bb4+ 5. c3 Bc5 6. Bc4 Bb6 7. O-O Nge7 8.
Bg5 O-O 9. Nf5 Qe8 10. Re1 Kh8 11. Nd2 f6 12. Be3 Ne5 13. Bb3 d6 14. Bxb6 axb6
15. Nd4 Nd3 16. Re3 Nxb2 17. Qe2 Na4 18. f4 Nc5 19. Bc2 Bd7 20. e5 Nd5 21. Rf3
Bg4 22. Nb5 fxe5 23. c4 Nxf4 24. Qf2 Qe7 25. Rf1 Bxf3 26. Qxf3 Rxa2 27. Qd1 Qg5
28. g3 Nh3+ 29. Kh1 Raa8 30. Nf3 Qe3 31. Kg2 Ng5 32. Nxc7 Rxf3 33. Nxa8 Rxf1 34.
Qxf1 Kg8 35. Nxb6 Qd2+ 36. Qf2 Qxf2+ 37. Kxf2 h6 38. Nc8 Nf7 39. Bg6 Nh8 40. Bh5
g6 41. Bf3 Nf7 42. Bd5 Kg7 43. Ke3 h5 44. h3 Kf6 45. Ke2 Kg7 46. Ke3 Nh6 47. Kf3
Nf5 48. g4 Nd4+ 49. Kf2 b5 50. Nxd6 b4 51. Ne4 Nxe4+ 52. Bxe4 hxg4 53. hxg4 Ne6
54. Ke3 Kf6 55. Bc2 Nc5 56. Bb1 Kg5 57. Kf3 b3 58. Ke3 e4 59. Kd4 Kf4 60. Kxc5
e3 61. Bxg6 e2 62. Kb4 b2 63. Kc3 e1=Q+ 64. Kxb2 Qb4+ 0-1

[Event "WY Boys-U16"]
[Site "Porto Carras GRE"]
[Date "2010.10.22"]
[Round "3.13"]
[White "Anton Guijarro, David"]
[Black "Sapozhnikov, Roman"]
[Result "1-0"]
[WhiteTitle "FM"]
[WhiteElo "2403"]
[BlackElo "2226"]
[WhiteFideId "2285525"]
[BlackFideId "2601842"]
[EventDate "2010.10.20"]

1. d4 Nf6 2. Nf3 g6 3. c4 Bg7 4. Nc3 O-O 5. e4 d6 6. Be2 e5 7. d5 a5 8. h3 Nh5
9. Ng1 Nf4 10. Bf3 Na6 11. g3 Nh5 12. Bxh5 gxh5 13. g4 h4 14. Nf3 Nc5 15. Bg5
Bf6 16. Be3 Kh8 17. g5 Be7 18. Rg1 f5 19. g6 Rg8 20. Bxc5 Rxg6 21. Ba3 fxe4 22.
Nxe4 Bxh3 23. Rxg6 hxg6 24. Qd2 Kg7 25. O-O-O Bf5 26. Qe3 Qd7 27. b3 Rh8 28. Bb2
Bxe4 29. Qxe4 Qf5 30. Qxf5 gxf5 31. Rg1+ Kf7 32. Kd1 Rh5 33. Bc1 f4 34. Nd2 Kf6
35. Ke2 Kf5 36. f3 Rh6 37. Kf1 c6 38. Ne4 cxd5 39. cxd5 Rh7 40. Ba3 h3 41. Bxd6
h2 42. Rh1 1-0

[Event "WY Boys-U16"]
[Site "Porto Carras GRE"]
[Date "2010.10.22"]
[Round "3.14"]
[White "Andersen, Mads"]
[Black "Topak, Engin"]
[Result "1-0"]
[WhiteTitle "FM"]
[WhiteElo "2385"]
[BlackElo "2214"]
[WhiteFideId "1413864"]
[BlackFideId "6300324"]
[EventDate "2010.10.20"]

1. d4 d6 2. Nf3 g6 3. c4 Bg7 4. Nc3 Nf6 5. e4 O-O 6. Be2 Bg4 7. Be3 Nc6 8. Rc1
Bxf3 9. Bxf3 e5 10. d5 Nd4 11. O-O Nd7 12. Bg4 c5 13. dxc6 bxc6 14. b4 f5 15.
Bh3 c5 16. bxc5 dxc5 17. Nd5 Nb6 18. Bxd4 cxd4 19. Nb4 a5 20. Nd3 Kh8 21. Re1
Qc7 22. c5 Nd7 23. c6 Nb6 24. Rc5 Rae8 25. Qc2 Nc8 26. f3 fxe4 27. fxe4 Nd6 28.
Qe2 Nf7 29. Bd7 Rb8 30. h4 Bh6 31. Rf1 Be3+ 32. Kh1 Qd8 33. g3 Qe7 34. Bh3 Qc7
35. Bd7 Qd6 36. Rd5 Qc7 37. Nc5 Qb6 38. Ne6 Nh6 1-0

[Event "WY Boys-U16"]
[Site "Porto Carras GRE"]
[Date "2010.10.22"]
[Round "3.15"]
[White "Kosmas-Lekkas, Dimitiros"]
[Black "Narayanan, Srinath"]
[Result "1/2-1/2"]
[BlackTitle "IM"]
[WhiteElo "2137"]
[BlackElo "2383"]
[WhiteFideId "4211936"]
[BlackFideId "5018420"]
[EventDate "2010.10.20"]

1. d4 Nf6 2. c4 e6 3. Nc3 Bb4 4. Qc2 O-O 5. a3 Bxc3+ 6. Qxc3 b6 7. Bg5 Bb7 8. f3
h6 9. Bh4 d5 10. e3 Nbd7 11. cxd5 Nxd5 12. Bxd8 Nxc3 13. Bh4 Nd5 14. Bf2 c5 15.
e4 Ne7 16. Bb5 Bc6 17. Bxc6 Nxc6 18. Ne2 cxd4 19. Nxd4 Nce5 20. O-O-O Nc5 21.
Kb1 Ncd3 22. Bg3 Rfd8 23. Bxe5 Nxe5 24. b3 Rd7 25. Ne2 Rad8 26. Rxd7 Rxd7 27.
Kc2 Ng6 28. Rf1 f5 29. exf5 exf5 30. f4 Ne7 31. Nc3 Rc7 32. Rd1 Ng6 33. g3 h5
34. Rd6 Kf7 35. Kd2 Nf8 36. Nd5 Rc5 37. b4 Rc8 38. Ne3 g6 39. Nd5 Rc4 40. Ne3
Rc8 41. Nd5 Rc4 42. Ne3 1/2-1/2

[Event "WY Boys-U16"]
[Site "Porto Carras GRE"]
[Date "2010.10.22"]
[Round "3.16"]
[White "Savitskiy, Sergey"]
[Black "Nenezic, Marko"]
[Result "1-0"]
[WhiteElo "2373"]
[BlackElo "2165"]
[WhiteFideId "24105660"]
[BlackFideId "912123"]
[EventDate "2010.10.20"]

1. e4 c5 2. Nf3 d6 3. d4 cxd4 4. Nxd4 Nf6 5. Nc3 a6 6. f4 e5 7. Nf3 Nbd7 8. a4
Be7 9. Bd3 O-O 10. O-O Nc5 11. Kh1 exf4 12. Bxf4 Bg4 13. Qd2 Bh5 14. Nd4 Bg6 15.
Rae1 Qd7 16. a5 Na4 17. Nxa4 Qxa4 18. c4 Qd7 19. Nf5 Bxf5 20. exf5 Rfe8 21. b4
Qc6 22. Be2 Ne4 23. Qd5 Qxd5 24. cxd5 Nf6 25. Bf3 Rac8 26. Rc1 Nd7 27. g4 h6 28.
Kg2 f6 29. h3 Ne5 30. Be2 Bf8 31. b5 axb5 32. Bxb5 Rxc1 33. Rxc1 Ra8 34. Bd2 Be7
35. Bb4 Nf7 36. Bd7 Bd8 37. Rc8 Rxc8 38. Bxc8 b5 39. a6 Bb6 40. Be6 Kf8 41. Bxf7
Kxf7 42. Bxd6 g6 43. Bb8 1-0

[Event "WY Boys-U16"]
[Site "Porto Carras GRE"]
[Date "2010.10.22"]
[Round "3.18"]
[White "Kriebel, Tadeas"]
[Black "Liu, Chang"]
[Result "0-1"]
[WhiteTitle "FM"]
[WhiteElo "2299"]
[BlackElo "2162"]
[WhiteFideId "330027"]
[BlackFideId "8606340"]
[EventDate "2010.10.20"]

1. e4 d6 2. d4 g6 3. c4 Nf6 4. Nc3 Bg7 5. Nf3 O-O 6. Be2 c5 7. O-O cxd4 8. Nxd4
Nc6 9. Nc2 b6 10. Bg5 Bb7 11. Qd2 Rc8 12. f3 Re8 13. Rad1 Na5 14. b3 Qc7 15. Nb5
Qb8 16. Ne3 Nc6 17. Nd5 Nxd5 18. exd5 Ne5 19. Bh6 Nd7 20. Bxg7 Kxg7 21. f4 Rcd8
22. f5 Ne5 23. Rf4 f6 24. Nd4 Bc8 25. Rh4 g5 26. Rh5 h6 27. h4 Rh8 28. Kf2 Rdg8
29. Rh1 Bd7 30. Qe3 Qf8 31. g4 Rh7 32. a4 Rgh8 33. a5 Qc8 34. axb6 axb6 35. Ra1
Qb7 36. b4 Ra8 37. Rxa8 Qxa8 38. hxg5 hxg5 39. Rxh7+ Kxh7 40. Ne6 Bxe6 41. fxe6
Qa2 42. Kg3 Kg7 43. b5 Qc2 44. Kh3 Ng6 45. Kg3 Nf4 46. Bf3 Qh7 47. Kf2 Qh2+ 48.
Ke1 Qc2 49. Qxb6 Qc3+ 50. Kf2 Nd3+ 51. Kg1 Qe1+ 52. Kh2 Qh4+ 53. Kg1 Qg3+ 0-1

[Event "WY Boys-U16"]
[Site "Porto Carras GRE"]
[Date "2010.10.23"]
[Round "4.1"]
[White "Lagarde, Maxime"]
[Black "Zhou, Yang-Fan"]
[Result "1-0"]
[WhiteTitle "FM"]
[BlackTitle "FM"]
[WhiteElo "2433"]
[BlackElo "2320"]
[WhiteFideId "662399"]
[BlackFideId "468584"]
[EventDate "2010.10.20"]

1. e4 c5 2. Nf3 d6 3. d4 cxd4 4. Nxd4 Nf6 5. Nc3 g6 6. Be3 a6 7. f3 b5 8. Qd2
Bb7 9. g4 h6 10. Nb3 Nbd7 11. O-O-O Rc8 12. h4 Bg7 13. Rh3 Qc7 14. a3 Ne5 15.
Qf2 Nfd7 16. Bd4 O-O 17. Kb1 Nc5 18. Nd5 Bxd5 19. exd5 Qb7 20. Qe2 Nxb3 21. Bxe5
dxe5 22. cxb3 Rfd8 23. h5 Rxd5 24. hxg6 fxg6 25. Rh1 Rdc5 26. g5 h5 27. Bh3 Rf8
28. Be6+ Kh7 29. f4 Bh6 30. gxh6 exf4 31. Rhg1 Kxh6 32. b4 Rg5 33. Rxg5 Kxg5 34.
Bd5 Qc7 35. Be4 Rf6 36. Rg1+ Kh6 37. Qg2 Qe5 38. Qxg6+ Rxg6 39. Rxg6+ Kh7 40.
Re6+ Qxe4+ 41. Rxe4 Kg6 42. Rxf4 Kg5 43. Re4 1-0

[Event "WY Boys-U16"]
[Site "Porto Carras GRE"]
[Date "2010.10.23"]
[Round "4.2"]
[White "Dragun, Kamil"]
[Black "Meribanov, Vitaly"]
[Result "1-0"]
[WhiteTitle "FM"]
[WhiteElo "2392"]
[BlackElo "2219"]
[WhiteFideId "1134167"]
[BlackFideId "13504363"]
[EventDate "2010.10.20"]

1. e4 e5 2. Nf3 Nc6 3. Bb5 a6 4. Bxc6 dxc6 5. O-O Bg4 6. h3 h5 7. d3 Qf6 8. Nbd2
Ne7 9. Nc4 Bxf3 10. Qxf3 Qxf3 11. gxf3 Ng6 12. Be3 Be7 13. Rfd1 O-O-O 14. Kf1 f6
15. Ke2 Nf8 16. f4 exf4 17. Bxf4 Ne6 18. Be3 g5 19. c3 Bd6 20. Nxd6+ cxd6 21.
Rg1 d5 22. f3 Rhe8 23. Raf1 h4 24. d4 Ng7 25. Kd3 Rd7 26. Bd2 dxe4+ 27. fxe4 Nh5
28. Rf2 Re6 29. Re1 Rg7 30. c4 g4 31. hxg4 Rxg4 32. d5 cxd5 33. cxd5 Re8 34. Ba5
Kd7 35. Bd2 Ng3 36. Rf4 Rxf4 37. Bxf4 Nh5 38. Ke3 Rg8 39. Rh1 Rg4 40. Bb8 Kc8
41. Kf3 Rg5 42. Bh2 Kd8 43. Rg1 Rxg1 44. Bxg1 Kd7 45. Bh2 f5 46. exf5 Nf6 47. d6
b5 48. Be5 Nd5 49. Kg4 Ne3+ 50. Kg5 Nc4 51. Bf4 h3 52. f6 Ke6 53. d7 Kxd7 54. f7
Ke7 55. Kg6 1-0

[Event "WY Boys-U16"]
[Site "Porto Carras GRE"]
[Date "2010.10.23"]
[Round "4.3"]
[White "Ben Artzi, Ido"]
[Black "Krzyzanowski, Marcin"]
[Result "1/2-1/2"]
[WhiteElo "2183"]
[BlackElo "2356"]
[WhiteFideId "2810913"]
[BlackFideId "1132199"]
[EventDate "2010.10.20"]

1. d4 Nf6 2. c4 d6 3. Nc3 e5 4. Nf3 Nbd7 5. Bg5 Be7 6. e3 O-O 7. Qc2 c6 8. O-O-O
Qa5 9. Bd3 Re8 10. g4 Nf8 11. dxe5 dxe5 12. Bxf6 Bxf6 13. Rhg1 Be7 14. Kb1 Rb8
15. Ne4 Be6 16. Neg5 Bxg5 17. Nxg5 h6 18. Ne4 b5 19. g5 Kh8 20. gxh6 g6 21. Ng5
Re7 22. b3 bxc4 23. Bxc4 Qc5 24. Bxe6 Qxc2+ 25. Kxc2 Nxe6 26. Nxe6 Rxe6 27. Rd7
Rf6 28. Rf1 a5 29. Kd3 Rb5 30. Rc1 Kh7 31. Ke2 a4 32. Rc3 axb3 33. axb3 Kxh6 34.
Rc7 e4 35. R7xc6 Rxc6 36. Rxc6 Rxb3 37. Kf1 f5 38. Kg2 Rb1 39. Rd6 Kh5 40. Rd8
Rb2 41. Kg3 1/2-1/2

[Event "WY Boys-U16"]
[Site "Porto Carras GRE"]
[Date "2010.10.23"]
[Round "4.4"]
[White "Abasov, Nijat Azad Oglu"]
[Black "Gabuzyan, Hovhannes"]
[Result "1/2-1/2"]
[WhiteTitle "IM"]
[WhiteElo "2517"]
[BlackElo "2261"]
[WhiteFideId "13402960"]
[BlackFideId "13303732"]
[EventDate "2010.10.20"]

1. d4 Nf6 2. c4 g6 3. Nc3 c5 4. d5 Bg7 5. e4 d6 6. h3 O-O 7. Nf3 a6 8. a4 e6 9.
Bd3 exd5 10. exd5 Re8+ 11. Be3 Bh6 12. O-O Bxe3 13. fxe3 Qe7 14. e4 Nbd7 15. Rf2
Rf8 16. Qd2 Ne5 17. Nxe5 Qxe5 18. a5 Bd7 19. Rb1 Rac8 20. Qf4 Qxf4 21. Rxf4 Ne8
22. b4 cxb4 23. Rxb4 Rc7 24. Rf2 Bc8 25. Na4 f5 26. exf5 Bxf5 27. Bxf5 Rxf5 28.
Rxf5 gxf5 29. Kf2 Kf7 30. Nb2 Nf6 31. Nd3 Nd7 32. Ke3 Kf6 33. Kd4 Ne5 34. Nf4
Rc5 35. Ra4 Rc8 36. Rb4 Rc5 37. h4 Rxa5 38. Nh5+ Kg6 39. Nf4+ Kf6 40. Rb6 Nf7
41. Rxb7 Ra1 42. Nh5+ Kg6 43. Nf4+ Kf6 44. Rb6 a5 45. Ra6 Ke7 46. Ra7+ Kf6 47.
Ra6 Ke7 48. Nd3 a4 49. c5 dxc5+ 50. Kxc5 a3 51. Ra7+ Kf6 52. Ra6+ Ke7 1/2-1/2

[Event "WY Boys-U16"]
[Site "Porto Carras GRE"]
[Date "2010.10.23"]
[Round "4.5"]
[White "Bok, Benjamin"]
[Black "Nasanjargal, Urtnasan"]
[Result "1/2-1/2"]
[WhiteTitle "IM"]
[WhiteElo "2453"]
[BlackElo "2230"]
[WhiteFideId "1017063"]
[BlackFideId "4900774"]
[EventDate "2010.10.20"]

1. e4 c5 2. Nf3 d6 3. d4 cxd4 4. Nxd4 Nf6 5. Nc3 a6 6. h3 e6 7. g4 Nc6 8. Bg2
Be7 9. Be3 Qc7 10. Qe2 O-O 11. O-O-O Nd7 12. f4 Nxd4 13. Bxd4 b5 14. e5 Bb7 15.
Bxb7 Qxb7 16. exd6 Bxd6 17. Rhf1 Bc5 18. Qd3 Bxd4 19. Qxd4 Nb6 20. f5 exf5 21.
gxf5 f6 22. Ne4 Qc7 23. Rg1 Rad8 24. Qf2 Rxd1+ 25. Rxd1 Nc4 26. Qg3 Qxg3 27.
Nxg3 Re8 28. b3 Ne3 29. Re1 Kf7 30. Kd2 Nd5 31. Rxe8 Kxe8 32. h4 b4 33. Kd3 Kd7
34. Kd4 Kc6 35. Ne2 a5 36. h5 Kd6 37. Ng3 Kc6 38. Ne2 Kd6 39. Ng3 Ne7 40. Ke4
Kc5 41. h6 gxh6 42. Nh5 Nd5 43. Kd3 Kc6 44. Ke4 Nc3+ 45. Kd4 Nb5+ 46. Kd3 Kd5
47. Nxf6+ Ke5 48. Ng4+ Kxf5 49. Nxh6+ Kg6 50. Ng4 h5 51. Ne3 h4 52. Ng2 Kg5 53.
Nxh4 Kxh4 54. c4 Nc3 55. c5 Kg5 56. c6 Nd5 57. Kc4 Nc7 58. Kc5 Kf6 59. Kb6 Nd5+
60. Kxa5 Ke7 61. Kb5 Kd6 62. c7 Kxc7 63. Kc5 Nc3 1/2-1/2

[Event "WY Boys-U16"]
[Site "Porto Carras GRE"]
[Date "2010.10.23"]
[Round "4.6"]
[White "Juhasz, Kristof"]
[Black "Moussard, Jules"]
[Result "1-0"]
[BlackTitle "FM"]
[WhiteElo "2268"]
[BlackElo "2423"]
[WhiteFideId "738808"]
[BlackFideId "642908"]
[EventDate "2010.10.20"]

1. d4 d6 2. c4 g6 3. e4 Bg7 4. Nc3 Nc6 5. d5 Nd4 6. Be3 c5 7. Nge2 Qb6 8. Nxd4
Qxb2 9. Na4 cxd4 10. Nxb2 dxe3 11. Qc2 exf2+ 12. Kxf2 Bd4+ 13. Ke1 Nf6 14. Be2
Nxe4 15. Qxe4 Bxb2 16. Rd1 Bf5 17. Qf3 b6 18. Bd3 Bxd3 19. Qxd3 Be5 20. Kf2 h5
21. Rde1 Bf6 22. Rhf1 Rc8 23. Kg1 O-O 24. Rxf6 exf6 25. Qd4 b5 26. cxb5 Rc5 27.
a4 f5 28. h3 f4 29. Qxf4 Rxd5 30. Rf1 1-0

[Event "WY Boys-U16"]
[Site "Porto Carras GRE"]
[Date "2010.10.23"]
[Round "4.7"]
[White "Liu, Chang"]
[Black "Anton Guijarro, David"]
[Result "1/2-1/2"]
[BlackTitle "FM"]
[WhiteElo "2162"]
[BlackElo "2403"]
[WhiteFideId "8606340"]
[BlackFideId "2285525"]
[EventDate "2010.10.20"]

1. e4 e6 2. Qe2 c5 3. g3 Nc6 4. c3 h5 5. Nf3 Be7 6. h4 Nf6 7. Bg2 b6 8. O-O Bb7
9. d4 cxd4 10. cxd4 Nb4 11. e5 Ba6 12. Qd1 Nfd5 13. Re1 Nd3 14. Re4 Rc8 15. Nbd2
Qc7 16. Bf1 f5 17. exf6 Nxf6 18. Bxd3 Bxd3 19. Re3 Bf5 20. Rc3 Qb7 21. Rxc8+
Qxc8 22. Nf1 O-O 23. Bg5 Be4 24. Rc1 Qb7 25. N1d2 Ng4 26. Bf4 Bc6 27. Qe2 Bb4
28. a3 Be7 29. b4 b5 30. Rc3 Qa8 31. Ne5 Nxe5 32. Bxe5 Qe8 33. Ne4 Qg6 34. Ng5
Bxg5 35. hxg5 Qxg5 36. Rc5 Qg6 37. Rc3 Qf5 38. f4 Qb1+ 39. Kf2 Qh1 40. Ke3 Rd8
41. Bc7 Rf8 42. Kd2 Qa1 43. Bd6 Rf5 44. Rxc6 Qxd4+ 45. Kc2 dxc6 46. Qxe6+ Rf7
47. Qe8+ Kh7 48. Qxf7 Qxd6 49. Qxh5+ Kg8 50. Qe8+ Kh7 51. Qe4+ Kg8 52. g4 Qf6
53. g5 Qa1 54. Qe6+ Kh7 55. Qe4+ Kg8 56. Qe6+ Kh7 1/2-1/2

[Event "WY Boys-U16"]
[Site "Porto Carras GRE"]
[Date "2010.10.23"]
[Round "4.8"]
[White "Makhmutov, Rail"]
[Black "Andersen, Mads"]
[Result "0-1"]
[BlackTitle "FM"]
[WhiteElo "2156"]
[BlackElo "2385"]
[WhiteFideId "4122151"]
[BlackFideId "1413864"]
[EventDate "2010.10.20"]

1. e4 c5 2. Nf3 e6 3. c3 Nf6 4. e5 Nd5 5. d4 cxd4 6. cxd4 d6 7. Nc3 Nxc3 8. bxc3
Qc7 9. Bd2 Nd7 10. exd6 Bxd6 11. Bd3 O-O 12. O-O b6 13. Re1 Bb7 14. h3 Rfe8 15.
c4 e5 16. d5 g6 17. Rc1 Ba3 18. Rc2 Bf8 19. Bc3 f6 20. Bb2 Nc5 21. Bf1 Rad8 22.
Qc1 Bc8 23. Nh4 Bg7 24. g3 Bd7 25. Bc3 Qc8 26. Kh2 g5 27. Nf3 Bf5 28. Rd2 Ne4
29. Rxe4 Bxe4 30. Ne1 Bf5 31. Qb2 h5 32. Nc2 h4 33. Ne3 Bg6 34. Bg2 hxg3+ 35.
fxg3 Qc5 36. Ng4 Qc7 37. Bb4 f5 38. d6 Qd7 39. Ne3 e4 40. Qc1 Bf7 41. Nd5 Bxd5
42. Rxd5 a5 43. Ba3 e3 44. Rd1 f4 45. Bd5+ Kh8 46. Qc2 fxg3+ 47. Kg2 Rf8 48. Qg6
Rf2+ 49. Kg1 Qxh3 0-1

[Event "WY Boys-U16"]
[Site "Porto Carras GRE"]
[Date "2010.10.23"]
[Round "4.9"]
[White "Muskardin, Mario"]
[Black "Savitskiy, Sergey"]
[Result "1/2-1/2"]
[WhiteElo "2138"]
[BlackElo "2373"]
[WhiteFideId "14518180"]
[BlackFideId "24105660"]
[EventDate "2010.10.20"]

1. e4 c5 2. Nf3 d6 3. d4 cxd4 4. Nxd4 Nf6 5. Nc3 Nc6 6. Be2 g6 7. Be3 Bg7 8. O-O
O-O 9. Kh1 a6 10. a4 Bd7 11. f4 Rc8 12. Bf3 Na5 13. Qe1 Nc4 14. Bc1 Bg4 15. Qh4
Bxf3 16. Rxf3 Qb6 17. Nde2 Qc6 18. f5 d5 19. exd5 Nxd5 20. Bh6 Nf6 21. Rh3 Bxh6
22. Qxh6 Rfd8 23. Rf1 Ne5 24. Qg5 Neg4 25. fxg6 fxg6 26. Rh4 Qe6 27. h3 Ne3 28.
Rf3 Nf5 29. Rhf4 Kh8 30. h4 Rf8 31. Nd4 Qe1+ 32. Kh2 Nxd4 33. Rxd4 Qe6 34. Re3
Qb6 35. Qe5 Rc5 36. Qe6 Rc6 37. Qe5 Rc5 38. Qe6 Rc6 39. Qf5 1/2-1/2

[Event "WY Boys-U16"]
[Site "Porto Carras GRE"]
[Date "2010.10.23"]
[Round "4.10"]
[White "Sadzikowski, Daniel"]
[Black "Emiroglu, Cankut"]
[Result "1-0"]
[WhiteElo "2351"]
[BlackElo "2108"]
[WhiteFideId "1132253"]
[BlackFideId "6306659"]
[EventDate "2010.10.20"]

1. e4 c5 2. Nf3 Nc6 3. d4 cxd4 4. Nxd4 g6 5. Nc3 Bg7 6. Be3 Nf6 7. Bc4 O-O 8.
Bb3 d6 9. f3 Bd7 10. h4 h5 11. Qd2 Ne5 12. O-O-O Rc8 13. Bg5 Rc5 14. Kb1 b5 15.
g4 hxg4 16. h5 Nxh5 17. Nd5 Re8 18. Rxh5 gxh5 19. Qh2 Nc4 20. Qxh5 Rxd5 21. exd5
Qb6 22. Bh6 Bf6 23. Ne6 Ne5 24. Rh1 fxe6 25. dxe6 Bc6 26. Bg5 Kf8 27. Qh7 1-0

[Event "WY Boys-U16"]
[Site "Porto Carras GRE"]
[Date "2010.10.23"]
[Round "4.11"]
[White "Donskov, Anatoly"]
[Black "Wertjanz, David"]
[Result "1-0"]
[WhiteElo "2280"]
[BlackElo "2209"]
[WhiteFideId "24143413"]
[BlackFideId "1618989"]
[EventDate "2010.10.20"]

1. e4 c5 2. Nf3 d6 3. d4 cxd4 4. Nxd4 Nf6 5. Nc3 a6 6. Be2 e5 7. Nb3 Be7 8. O-O
Be6 9. f4 Qc7 10. Kh1 Nbd7 11. g4 h6 12. g5 hxg5 13. fxg5 Nh7 14. Bg4 O-O-O 15.
Bxe6 fxe6 16. Qg4 Rhf8 17. Be3 Rxf1+ 18. Rxf1 Rf8 19. Rg1 Qc4 20. Nd2 Qb4 21.
Qxe6 Bd8 22. Nc4 1-0

[Event "WY Boys-U16"]
[Site "Porto Carras GRE"]
[Date "2010.10.23"]
[Round "4.14"]
[White "Seegert, Kristian"]
[Black "Van Kampen, Robin"]
[Result "0-1"]
[BlackTitle "IM"]
[WhiteElo "2181"]
[BlackElo "2430"]
[WhiteFideId "1405098"]
[BlackFideId "1020854"]
[EventDate "2010.10.20"]

1. e4 c5 2. Nf3 d6 3. d4 cxd4 4. Nxd4 Nf6 5. Nc3 a6 6. Bg5 Nbd7 7. f4 Qc7 8. Qf3
h6 9. Bxf6 Nxf6 10. h3 e5 11. Nb3 Be7 12. O-O-O b5 13. fxe5 dxe5 14. Nd5 Nxd5
15. exd5 Bb7 16. Bd3 Rd8 17. Be4 Rd6 18. Rd3 g6 19. g4 O-O 20. h4 Rf6 21. Qe2
Rf4 22. Kb1 Bc8 23. Rg3 Qc4 24. Qxc4 bxc4 25. Nd2 Bxg4 26. Re3 Bc5 27. Rg3 f5
28. Bg2 h5 29. b3 cxb3 30. axb3 e4 31. Bf1 Rf2 32. Nc4 f4 0-1

[Event "WY Boys-U16"]
[Site "Porto Carras GRE"]
[Date "2010.10.23"]
[Round "4.15"]
[White "Bajarani, Ulvi"]
[Black "Sosovicka, Juraj"]
[Result "1/2-1/2"]
[WhiteTitle "IM"]
[WhiteElo "2408"]
[BlackElo "2163"]
[WhiteFideId "13403028"]
[BlackFideId "14911418"]
[EventDate "2010.10.20"]

1. e4 e5 2. Nf3 Nc6 3. Bc4 Bc5 4. O-O Nf6 5. d3 d6 6. c3 a6 7. Bb3 Ba7 8. Nbd2
Ne7 9. Re1 Ng6 10. Nf1 O-O 11. Ng3 Be6 12. Bc2 c6 13. h3 Re8 14. d4 h6 15. Be3
Qc7 16. Nh2 d5 17. dxe5 Nxe4 18. Nxe4 dxe4 19. Bxa7 Rxa7 20. Qd4 Raa8 21. Qxe4
Bd5 22. Qg4 Nxe5 23. Qg3 Re7 24. b3 b5 25. Re3 Rae8 26. Rae1 f6 27. Ng4 Kh8 28.
Nxe5 fxe5 29. Bg6 Bf7 30. Bxf7 Rxf7 31. Rxe5 Rxe5 32. Qxe5 Qxe5 33. Rxe5 Rd7 34.
a4 bxa4 35. bxa4 Rd1+ 36. Kh2 Ra1 37. a5 Ra4 38. Rc5 Kg8 39. Kg3 Kf7 40. Kf3 Ke7
41. Ke3 Kd6 42. Rf5 Ke6 43. Rh5 Ra3 44. Kd4 Ra2 45. g4 Rxf2 46. Kc5 Kd7 47. Rf5
Rb2 48. Rf7+ Ke6 49. Rxg7 Kf6 50. Rh7 Kg6 51. Rd7 Rb5+ 52. Kxc6 Rxa5 53. c4 Ra3
54. h4 a5 55. Ra7 a4 56. c5 Ra1 57. Kc7 a3 58. Ra6+ Kh7 59. c6 a2 60. h5 Kg7 61.
Ra5 Kh7 62. Ra7 Kg8 63. Ra5 Kh7 64. Ra8 Kg7 65. Ra7 Kg8 66. Ra3 Kg7 67. Ra8 Kh7
68. Ra5 Kh8 69. Kc8 Rc1 1/2-1/2

[Event "WY Boys-U16"]
[Site "Porto Carras GRE"]
[Date "2010.10.23"]
[Round "4.16"]
[White "Narayanan, Srinath"]
[Black "Volkov, Nika"]
[Result "0-1"]
[WhiteTitle "IM"]
[WhiteElo "2383"]
[BlackElo "2159"]
[WhiteFideId "5018420"]
[BlackFideId "13604376"]
[EventDate "2010.10.20"]

1. e4 c5 2. Nf3 d6 3. d4 cxd4 4. Nxd4 Nf6 5. Nc3 Nc6 6. Bg5 e6 7. Qd2 Be7 8.
O-O-O O-O 9. f3 a6 10. h4 Nxd4 11. Qxd4 b5 12. Kb1 Qa5 13. Qd2 b4 14. Ne2 Rd8
15. Nd4 Qb6 16. g4 e5 17. Nf5 Bxf5 18. gxf5 d5 19. Qc1 dxe4 20. Rxd8+ Rxd8 21.
fxe4 Nxe4 22. Bxe7 Rd1 23. Qxd1 Nc3+ 24. Kc1 Nxd1 25. Rh2 Nf2 26. Bg5 Qd4 27.
Be2 Ne4 28. Rg2 Nxg5 29. Rxg5 Qe4 0-1

[Event "WY Boys-U16"]
[Site "Porto Carras GRE"]
[Date "2010.10.23"]
[Round "4.17"]
[White "Kadric, Denis"]
[Black "Zavarce, Oscar Enrique"]
[Result "1-0"]
[BlackTitle "FM"]
[WhiteElo "2291"]
[BlackElo "2149"]
[WhiteFideId "14403803"]
[BlackFideId "3902501"]
[EventDate "2010.10.20"]

1. e4 c5 2. Nf3 e6 3. d4 cxd4 4. Nxd4 a6 5. Nc3 Qc7 6. Bd3 Nf6 7. O-O Bd6 8. Kh1
Nc6 9. Nxc6 dxc6 10. f4 e5 11. f5 b5 12. a4 b4 13. Nb1 Bb7 14. Nd2 c5 15. Nc4
Be7 16. Qf3 O-O 17. b3 Rfd8 18. Bb2 Nd7 19. Qg3 Bf6 20. Rae1 Re8 21. Ne3 Qd8 22.
Re2 Bh4 23. Qf3 Bg5 24. Nc4 Qc7 25. Qh5 h6 26. Qf3 a5 27. Qg3 Ba6 28. Rf3 Bxc4
29. Bxc4 Bf6 30. Bc1 Kf8 31. Be3 Nb6 32. Bd3 Rec8 33. Qf2 Qe7 34. Qg1 Nxa4 35.
bxa4 c4 36. Bb6 cxd3 37. Rxd3 Qe8 38. Qa1 Qc6 39. Bf2 Rd8 40. h3 Rac8 41. Kh2
Rxd3 42. cxd3 Qd6 43. Rd2 Bg5 44. Rd1 Rc2 45. Kg1 b3 46. Rb1 b2 47. Qa2 Rc1+ 48.
Kh2 Rxb1 49. Qxb1 Qa3 50. Qc2 Kg8 51. f6 gxf6 52. h4 Qa2 53. hxg5 hxg5 54. Qc8+
Kg7 55. Bc5 b1=Q 56. Bf8+ Kg8 57. Be7+ Kh7 58. Qf5+ Kg8 59. Qc8+ Kh7 60. Bxf6
Qe1 61. Qh8+ 1-0

[Event "WY Boys-U16"]
[Site "Porto Carras GRE"]
[Date "2010.10.23"]
[Round "4.18"]
[White "Malureanu, Costin-George"]
[Black "Weichhold, Pawel"]
[Result "0-1"]
[WhiteElo "2146"]
[BlackElo "2291"]
[WhiteFideId "1202154"]
[BlackFideId "1139703"]
[EventDate "2010.10.20"]

1. e4 c5 2. Nf3 d6 3. d4 cxd4 4. Nxd4 Nf6 5. Nc3 Nc6 6. f3 Qb6 7. Nb3 e6 8. Bf4
Ne5 9. Qd2 a6 10. O-O-O Be7 11. h3 Qc7 12. Bh2 O-O 13. f4 Nc4 14. Bxc4 Qxc4 15.
Qe3 Nd7 16. g4 b5 17. g5 a5 18. f5 a4 19. Nd2 Qc6 20. f6 Bd8 21. Nf3 b4 22. Nd4
Qc4 23. Nb1 Ne5 24. Nf3 Nxf3 25. Qxf3 d5 26. Bd6 Re8 27. e5 Qxa2 28. Rhg1 a3 29.
bxa3 bxa3 30. Nxa3 g6 31. h4 Bc7 32. Nb1 Bxd6 33. exd6 Bd7 34. h5 Rec8 35. Rg2
Rab8 0-1